Central Library OPAC University of Rajshahi

The Cattle trespass act (1 of 1871) with up-to-date caselaw / (Record no. 52659)

MARC details
000 -LEADER
fixed length control field 00981nam a2200289 a 4500
001 - CONTROL NUMBER
control field 52659
003 - CONTROL NUMBER IDENTIFIER
rucl marc code BD-RjUL
005 - DATE AND TIME OF LATEST TRANSACTION
control field 20211209075836.0
008 - FIXED-LENGTH DATA ELEMENTS--GENERAL INFORMATION
fixed length control field 160925s1953 ii 001 0 eng
035 ## - SYSTEM CONTROL NUMBER
System control number (BD-RjUL)52779
System control number (OCoLC)5036947
040 ## - CATALOGING SOURCE
Original cataloging agency DLC
Transcribing agency MnU
Modifying agency DLC
Language of cataloging eng
041 ## - LANGUAGE CODE
Language code of text/sound track or separate title eng
082 ## - DEWEY DECIMAL CLASSIFICATION NUMBER
Edition number 23
Classification number 341.04951
Author mark and year AIC 1953
100 ## - MAIN ENTRY--PERSONAL NAME
Personal name Aiyar, K. Jagadisa
9 (RLIN) 157461
110 1# - MAIN ENTRY--CORPORATE NAME
Corporate name or jurisdiction name as entry element India (Republic)
9 (RLIN) 157653
245 14 - TITLE STATEMENT
Title The Cattle trespass act (1 of 1871) with up-to-date caselaw /
Statement of responsibility, etc. by K. Jagadisa Aiyar.
250 ## - EDITION STATEMENT
Edition statement 3d ed. rev. and enl.
260 ## - PUBLICATION, DISTRIBUTION, ETC. (IMPRINT)
Place of publication, distribution, etc. Allahabad :
Name of publisher, distributor, etc. Law Book Co.,
Date of publication, distribution, etc. 1953.
300 ## - PHYSICAL DESCRIPTION
Pagination viii, 92 p. ;
Size 23 cm.
500 ## - GENERAL NOTE
General note The 2d ed. is entered under India (Dominion) Laws, statutes, etc.
650 #0 - SUBJECT ADDED ENTRY--TOPICAL TERM
Topical term or geographic name as entry element Domestic animals
General subdivision Law and legislation
Geographic subdivision India.
9 (RLIN) 157463
Topical term or geographic name as entry element Liability for animals
Geographic subdivision India.
9 (RLIN) 157464
700 1# - ADDED ENTRY--PERSONAL NAME
Personal name Sastri, L. S.
Fuller form of name (L. Subrahmanya)
Relator term ed.
942 ## - ADDED ENTRY ELEMENTS (KOHA)
Source of classification or shelving scheme Dewey Decimal Classification
Koha item type Books
Holdings
Lost status Source of classification or shelving scheme Damaged status Not for loan Collection code Permanent Location Current Location Shelving location Date acquired Source of acquisition Cost, normal purchase price Total Checkouts Full call number Date last seen Copy number Koha item type
  Dewey Decimal Classification     Non-fiction Central Library, University of Rajshahi Central Library, University of Rajshahi   12/07/1955 Warri Book Centre 5.00   341.04951 AIC 1953 25/09/2016 C-2 Books